000 01108nam a22002777a 4500
005 20250703162440.0
008 250703b |||||||| |||| 00| 0 eng d
020 _a9789351960638
040 _cAL
041 _aEnglish
082 _a641.5
_bSANM
100 _aAnnapoorna Prabhu Sanoor
_9217111
245 _aMangalore cookbook
_b: A Vegetarian feast
260 _aMangalore
_bGovindraya prabhu sanoor
_c2015
300 _a166 p.
_bHB
_c30x23 cm.
440 _aVolume 2
_9217064
520 _aThis book includes recipes for vegetarian dishes that are traditionally served at feasts and for everyday lunch (mid- ternoon meal) and supper (evening meal). The recipes for traditional breakfast and late afternoon teatime dishes are included in my previous book: Mangalore Cookbook, Breakfast & Teatime Recipes. mangalore.coockbook@gmail.com
650 _atraditions
_9217065
650 _aUtensils
_9217066
650 _aingredients
_9217067
650 _atechniques
_9217068
650 _a182 classic recipes
_9217069
650 _aphotographs
_9217070
690 _aFood
_9217110
942 _2ddc
_cDB
999 _c234579
_d234579